| 000 | 01239nam a2200241Ia 4500 | ||
|---|---|---|---|
| 003 | Ost | ||
| 005 | 20260507075725.0 | ||
| 008 | 260507s9999||||xx |||||||||||||| ||und|| | ||
| 040 | _cfsecg | ||
| 041 | _aara | ||
| 082 | _a301.14 | ||
| 100 |
_aسعد، اسماعيل علي _eمؤلف |
||
| 245 | 0 |
_aالاعلام والدعاية : _bرؤية تحليلية نقدية / _c اسماعيل علي سعد |
|
| 260 |
_aالاسكندرية: _bدار المعرفة الجامعية, _c2004 |
||
| 300 | _a475 صفحة؛ | ||
| 504 | _aيبليوغرافيا ص. 465 | ||
| 520 | _aفي هذا الكتاب المجتمع ، الاتصال ، بناء القوة في المجتمع والاتصال ، استخدامات مصطلح الاديولوجية ، وسائل الاتصال ، الرأي العام ، تعريف الرأي العام ، الدعاية ، الفكر وأحواله الاجتماعية ، تشكيلة المواقف وتغييرها ، الايديولوجية كعقيدة اقناعية وكنظرية ، دعوة الاسلام والاديولوجية | ||
| 653 | _aا لرأي العام | ||
| 653 | _aالاتصال | ||
| 653 | _aالاعلام | ||
| 653 | _aالدعاية | ||
| 942 | _cكتاب | ||
| 999 |
_c45965 _d45965 |
||